000 00526nam a22001817a 4500
003 OSt
005 20150327184517.0
008 150129b xxu||||| |||| 00| 0 eng d
040 _cBMC
082 _aSv861
100 1 _aEspino, Alfredo
_929427
245 1 0 _aJícaras tristes
_cAlfredo Espino
260 _aSan Salvador
_bConsejo Nacional para la Cultura y el Arte
_c1996
300 _a148 p.
_c22 cm
490 _aBiblioteca Básica de Literatura Salvadoreña
_v6
650 2 4 _921923
_aPoesía salvadoreña
942 _2ddc
_cBK
999 _c17850
_d17850